| 000 | 00422nam a2200181Ia 4500 | ||
|---|---|---|---|
| 008 | 210210b1900 xxu||||| |||| 00| 0 eng d | ||
| 041 | _aeng | ||
| 082 | _a519/14 | ||
| 100 | _aBLYTNE (W H) | ||
| 245 | _aGeometrical drawing Part II | ||
| 260 |
_aCambridge _bAt the University Press _c1900 |
||
| 650 | _aPart | ||
| 650 | _aII | ||
| 650 | _aGeometrical | ||
| 650 | _adrawing | ||
| 690 | _aGeometry | ||
| 906 | _a007875 | ||
| 999 |
_c140734 _d140734 |
||